|
|
|
|
| LEADER |
00000naa2a2200000 4500 |
| 001 |
633037 |
| 005 |
20231101133736.0 |
| 035 |
|
|
|a (RuTPU)RU\TPU\conf\34770
|
| 035 |
|
|
|a RU\TPU\conf\34768
|
| 090 |
|
|
|a 633037
|
| 100 |
|
|
|a 20210623d2021 k y0rusy50 ca
|
| 101 |
0 |
|
|a rus
|
| 102 |
|
|
|a RU
|
| 105 |
|
|
|a y z 101zy
|
| 135 |
|
|
|a drcn ---uucaa
|
| 181 |
|
0 |
|a i
|
| 182 |
|
0 |
|a b
|
| 200 |
1 |
|
|a Исследование структурно-фазового состояния карбидной многокомпонентной керамики в процессе высокотемпературной консолидации
|f Ван Дакунь, Е. С. Дедова
|g науч. рук. Т. П. Буякова
|
| 203 |
|
|
|a Текст
|c электронный
|
| 225 |
1 |
|
|a Актуальные проблемы инженерных наук
|
| 230 |
|
|
|a 1 компьютерный файл (pdf; 951 Kb)
|
| 300 |
|
|
|a Заглавие с титульного экрана
|
| 320 |
|
|
|a [Библиогр.: с. 88 (9 назв.)]
|
| 461 |
|
1 |
|0 (RuTPU)RU\TPU\conf\34751
|t Научная инициатива иностранных студентов и аспирантов
|o сборник докладовI Международной научно-практической конференции, Томск, 27-29 апреля 2021 г.
|o в 2 т.
|f Национальный исследовательский Томский политехнический университет, Школа базовой инженерной подготовки
|d 2021
|
| 463 |
|
1 |
|0 (RuTPU)RU\TPU\conf\34753
|t Т. 1
|v [С. 84-88]
|d 2021
|
| 610 |
1 |
|
|a труды учёных ТПУ
|
| 610 |
1 |
|
|a электронный ресурс
|
| 610 |
1 |
|
|a структурно-фазовые состояния
|
| 610 |
1 |
|
|a керамика
|
| 610 |
1 |
|
|a консолидация
|
| 610 |
1 |
|
|a твердые растворы
|
| 610 |
1 |
|
|a порошковые смеси
|
| 700 |
|
0 |
|a Ван Дакунь
|
| 701 |
|
1 |
|a Дедова
|b Е. С.
|c специалист в области материаловедения
|c ассистент кафедры Томского политехнического университета
|f 1987-
|g Елена Сергеевна
|2 stltpush
|3 (RuTPU)RU\TPU\pers\32944
|
| 702 |
|
1 |
|a Буякова
|b Т. П.
|g Татьяна Петровна
|4 727
|
| 712 |
0 |
2 |
|a Национальный исследовательский Томский политехнический университет
|b Инженерная школа новых производственных технологий
|b Отделение материаловедения
|h 7871
|2 stltpush
|3 (RuTPU)RU\TPU\col\23508
|
| 801 |
|
2 |
|a RU
|b 63413507
|c 20210625
|g RCR
|
| 856 |
4 |
|
|u http://earchive.tpu.ru/handle/11683/67811
|
| 942 |
|
|
|c BK
|